Ukraine : Selected Issues.

This Selected Issues paper analyzes the Ukrainian business cycle. It focuses on the price of steel-Ukraine's major export-and its relation to the economic performance. It establishes a forecasting model for steel prices, which points to downside risks to steel prices. It discusses the effects o...

全面介绍

书目详细资料
企业作者: International Monetary Fund
格式: 杂志
语言:English
出版: Washington, D.C. : International Monetary Fund, 2008.
丛编:IMF Staff Country Reports; Country Report ; No. 2008/228
在线阅读:Full text available on IMF
LEADER 01535cas a2200241 a 4500
001 AALejournalIMF005237
008 230101c9999 xx r poo 0 0eng d
020 |c 5.00 USD 
020 |z 9781451839135 
022 |a 1934-7685 
040 |a BD-DhAAL  |c BD-DhAAL 
110 2 |a International Monetary Fund. 
245 1 0 |a Ukraine :   |b Selected Issues. 
264 1 |a Washington, D.C. :  |b International Monetary Fund,  |c 2008. 
300 |a 1 online resource (61 pages) 
490 1 |a IMF Staff Country Reports 
500 |a <strong>Off-Campus Access:</strong> No User ID or Password Required 
500 |a <strong>On-Campus Access:</strong> No User ID or Password Required 
506 |a Electronic access restricted to authorized BRAC University faculty, staff and students 
520 3 |a This Selected Issues paper analyzes the Ukrainian business cycle. It focuses on the price of steel-Ukraine's major export-and its relation to the economic performance. It establishes a forecasting model for steel prices, which points to downside risks to steel prices. It discusses the effects of steel price fluctuations on economic activity and how policies might then mitigate them. The paper also develops core inflation indicators for Ukraine to better distinguish underlying from temporary influences on inflation. 
538 |a Mode of access: Internet 
830 0 |a IMF Staff Country Reports; Country Report ;  |v No. 2008/228 
856 4 0 |z Full text available on IMF  |u http://elibrary.imf.org/view/journals/002/2008/228/002.2008.issue-228-en.xml  |z IMF e-Library